[Event "Landesliga U20 Sued 1415"]
[Site "Bayern"]
[Date "2014.11.15"]
[Round "1.2"]
[White "Brauner, Nicolas"]
[Black "Huber, Benedikt"]
[Result "1-0"]
[WhiteElo "1434"]
[BlackElo "1858"]
[PlyCount "99"]
[EventDate "2014.11.15"]
[EventType "team-tourn"]
[EventRounds "7"]
[EventCountry "GER"]
[SourceTitle "EXT 2022"]
[Source "ChessBase"]
[SourceDate "2021.10.06"]
[SourceVersion "1"]
[SourceVersionDate "2021.10.06"]
[SourceQuality "1"]
[WhiteTeam "Neuperlach U10"]
[BlackTeam "Muenchen Suedost SK U20 II"]
[WhiteTeamCountry "GER"]
[BlackTeamCountry "GER"]

1. d4 e6 2. Nf3 f5 3. Bf4 Nf6 4. e3 b6 5. c4 Bb4+ 6. Nbd2 Bb7 7. a3 Bxd2+ 8. Nxd2 0-0 9. f3 Kh8 10. Bg5 h6 11. Bxf6 Qxf6 12. Bd3 e5 13. Nb3 e4 14. Be2 Qg5 15. f4 Qxg2 16. Kd2 Ba6 17. Qc2 Qh3 18. Rag1 Qh4 19. Rg6 Rf6 20. Rhg1 Rxg6 21. Rxg6 Qxh2 22. d5 Kh7 23. Rxg7+ Kxg7 24. Qc3+ Kh7 25. Qf6 Qg2 26. Qxf5+ Qg6 27. Qe5 Nc6 28. dxc6 dxc6 29. Nd4 Re8 30. Qxc7+ Kg8 31. Nxc6 Qg7 32. Qxa7 Qxa7 33. Nxa7 Rd8+ 34. Kc3 Rd6 35. Nb5 Bxb5 36. cxb5 Kg7 37. b4 Kg6 38. a4 h5 39. Bf1 h4 40. Kc4 Kh5 41. Bg2 Rd2 42. Bxe4 Kg4 43. a5 h3 44. axb6 h2 45. b7 Rd8 46. Kc5 Re8 47. Bh1 Rd8 48. Kb6 Kh3 49. Ka7 Rd2 50. b8Q 1-0